| 000 | 00586nam a22002057a 4500 | ||
|---|---|---|---|
| 003 | EBay | ||
| 005 | 20141105095828.0 | ||
| 008 | 130304t xxu||||| |||| 00| 0 eng d | ||
| 020 | _a9780805353235 | ||
| 020 | _a9789810698171 | ||
| 050 |
_aQP 34.5 _b.Sa245 2007 |
||
| 100 | _aSarikas, Stephen N. | ||
| 245 |
_aLook at laboratory investigations in anatomy and physiology / _cStephen N. Sarikas. |
||
| 260 |
_bPearson Education South Asia, _c2006. _aNew York: |
||
| 300 |
_a688 p. : _c23 cm. _bill. ; |
||
| 562 | _e1 | ||
| 650 | _aAnatomy | ||
| 942 |
_2lcc _cBK _kFOR |
||
| 999 |
_c16375 _d16375 |
||